| 000 | 00509cam a2200217ua 4500 | ||
|---|---|---|---|
| 020 | _c90.00 | ||
| 041 |
_aeng _h |
||
| 082 |
_a621.4025 _bPAN/EL |
||
| 100 | _aPandya, N C . | ||
| 245 |
_aElements of heat engines / _cN C Pandya. _hTextual Documents |
||
| 250 |
_a9 / _b. |
||
| 260 |
_aAgra : _bPradeep Prakashan , _c1990. |
||
| 300 | _a843 ; . | ||
| 365 | _a90.00 | ||
| 500 | _a*CSS | ||
| 504 | _a | ||
| 700 | 1 | _aShah, C S . | |
| 942 | _cBK | ||
| 999 |
_c11078 _d11078 |
||